The Thirteen problems

Bibliographic Details
Main Author: Christie, Agatha
Format: Book
Published: London : Harper Collins Publishers , 1993

MARC

LEADER 00000cam a2200000 7i4500
001 0000009041
002 000009851
005 20040706.0
020 |a 0006162746 
090 0 0 |a F   |b CHR 
100 1 |a Christie, Agatha 
245 1 4 |a The Thirteen problems   |c Agatha Christie 
260 |a London :   |b Harper Collins Publishers ,   |c 1993 
300 |a 220p. ;   |c 17cm. 
999 |a 017876   |b BUKU   |c PINJAMAN   |e PERPUSTAKAAN KOMUNITI PETALING JAYA